• 首页
  • 本馆介绍
  • 公告通知
  • 最新文献
  • 馆藏检索
  • 电子资源
  • 读者导购
  • 参考咨询
  • 我的图书馆
  • 登录
  • 详细信息显示
  • 放入我的书架
  • 预约/预借图书
  • 作者相关作品
  • 分类相关作品
  • 丛书相关作品
  • 出版社相关作品

书目信息

  • 表格格式
  • 工作单格式
  • 卡片格式
题名:
常用绿化手册
    
 
作者: 谢兰曼 , 应喆 , 许彩芬 主编
分册:  
出版信息: 武汉   华中科技大学出版社  2015
页数: 154页
开本: 26cm
丛书名: 高职高专土建施工与规划园林系列“十二五”规划教材
单 册:
中图分类: S73-62 , S73
科图分类:
主题词: 绿化--Lu^ Hua--技术手册
电子资源:
ISBN: 978-7-5680-1185-3
000 01443nam 2200313 450
001 1669369363
005 20160106094015.7
010    @a978-7-5680-1185-3@dCNY28.00
100    @a20160106d2015 em y0chiy0120 ea
101 0  @achi
102    @aCN@b420000
105    @aa a 000yy
106    @ar
200 1  @a常用绿化手册@AChang Yong Lu^ Hua Shou Ce@f谢兰曼, 应喆, 许彩芬主编
210    @a武汉@c华中科技大学出版社@d2015
215    @a154页@c图@d26cm
225 2  @a高职高专土建施工与规划园林系列“十二五”规划教材@AGao Zhi Gao Zhuan Tu Jian Shi Gong Yu Gui Hua Yuan Lin Xi Lie “ Shi Er Wu ” Gui Hua Jiao Cai
320    @a有书目 (第154页)
330    @a全书分为树木篇和景观篇。树木篇主要以常见的植物种类为主,主要介绍了常见乔灌草的形态特征、主要习性、园林用途等;景观篇则是在采集常见的植物搭配实例的的基础上,精选出乡镇常见、能够反映苏州乡镇特色和发挥植物群体搭配的自然美、易于种植和养护的实例组编成册。该手册作为校本教材,适合学生课余自学,以方便学生了解和掌握苏州常见的植物和配置方法。
333    @a本书既可作为高职高专园林、城市规划等专业教材,也可作为环艺类相关专业及有关工程技术人员学习参考用书。
410  0 @12001 @a高职高专土建施工与规划园林系列“十二五”规划教材
606 0  @a绿化@ALu^ Hua@j技术手册
690    @aS73-62@v5
690    @aS73@v4
701  0 @a谢兰曼@AXie Lan Man@4主编
701  0 @a应喆@AYing zhe@4主编
701  0 @a许彩芬@AXu Cai Fen@4主编
801  0 @aCN@b江苏新华@c20150511
905    @aBZT@dS73@e14
    
    常用绿化手册/谢兰曼, 应喆, 许彩芬主编.-武汉:华中科技大学出版社,2015
    154页:图;26cm.-(高职高专土建施工与规划园林系列“十二五”规划教材)
    使用对象:本书既可作为高职高专园林、城市规划等专业教材,也可作为环艺类相关专业及有关工程技术人员学习参考用书。
    
    ISBN 978-7-5680-1185-3:CNY28.00
    全书分为树木篇和景观篇。树木篇主要以常见的植物种类为主,主要介绍了常见乔灌草的形态特征、主要习性、园林用途等;景观篇则是在采集常见的植物搭配实例的的基础上,精选出乡镇常见、能够反映苏州乡镇特色和发挥植物群体搭配的自然美、易于种植和养护的实例组编成册。该手册作为校本教材,适合学生课余自学,以方便学生了解和掌握苏州常见的植物和配置方法。
●
相关链接 在五车中查询图书 在当当中查询图书 在豆瓣中查询图书


正题名:常用绿化手册     索取号:S73/14         预约/预借

序号 登录号 条形码 馆藏地/架位号 状态 备注
1 799770   2000799770   第二书库/ [索取号:S73/14] 在馆    
2 799771   2000799771   第二书库/ [索取号:S73/14] 在馆    
3 799772   2000799772   第二书库/ [索取号:S73/14] 在馆    
山东省滨州职业学院图书馆 欢迎您!
大连网信软件有限公司© 版权所有